01575nam a22002417a 450000500170000000800410001702000180005803700160007604000380009204100080013008200240013810000370016224500740019926000450027330000260031850000450034452008150038965000510120465000430125594200120129899900170131095200060132720231218173445.0231218b |||||||| |||| 00| 0 eng d a9788431540456 3Donación  aCO-JMCR cCO-JMCR dCO-JMCR erda aspa 223a 636.70 bD44p2 aDesachy, Florence eAutor942365 aMi perro está engordando: b¡Hay solución! / cFlorence Desachy  aBarcelona: bEditorial de Vecchi, c2009 a62 páginas c20 cm  aIncluye cuestionarios de comportamiento  a¿Su perro come demasiado? ¿Está engordando mucho? ¿Ha enfermado? ¿Usted se siente totalmente superado por la situación? ¡Pues sepa que no es una fatalidad! Los trastornos del comportamiento se han convertido en una preocupación prioritaria de los dueños de perros. Los especialistas en comportamiento canino cada vez reciben más consultas, muchas de ellas de dueños desesperados, que no saben qué hacer con un perro mal educado, agresivo, ruidoso, dominante o que se escapa. Los libros de esta colección contemplan las patologías más frecuentes: le ayudarán a determinar cuál es el problema de comportamiento que afecta a su animal y le proporcionarán una serie de consejos prácticos para iniciar la reeducación eficaz y recuperar así una relación armoniosa con el perro. 2JMCR aSalud en animales xVeterinaria 943060 2JMCR aAlimentacion xMascotas 943061 2ddccBK c30471d16855 00